Handbook for evaluating infrastructure regulatory systems

Salvato in:
Dettagli Bibliografici
Autore principale: Brown, Ashley C.
Altri autori: Stern, Jon, Tenenbaum, Bernard, Gencer, Defne
Natura: Libro
Lingua:inglese
Pubblicazione: Washington, D.C. <The> World Bank 2006
Soggetti:
Tags: Aggiungi Tag
Nessun Tag, puoi essere il primo ad aggiungerne!!

MARC

LEADER 00000nam$a2200000$$$4500
001 0044142
005 20240313132933.0
020 |a 0-8213-6579-7 
041 0 |a eng 
044 |a US 
245 1 0 |a Handbook for evaluating infrastructure regulatory systems  |c Ashley C. Brown ... [et al.] 
264 1 |a Washington, D.C.  |b <The> World Bank  |c 2006 
300 |a 397 s. 
610 2 0 |a infraštruktúra 
610 2 0 |a regulácia 
610 2 0 |a efektívnosť 
610 2 0 |a metódy 
610 2 0 |a benchmarking 
610 2 0 |a škody 
610 2 0 |a úžitok 
610 2 0 |a ukazovatele 
610 2 0 |a riadenie 
610 2 0 |a krajiny rozvojové 
100 1 |a Brown, Ashley C. 
700 1 |a Stern, Jon 
700 1 |a Tenenbaum, Bernard 
700 1 |a Gencer, Defne